LEADER 00933nam a2200265 i 4500 001 991002604939707536 005 20020503171204.0 008 970925s1966 it ||| | ita 020 $a8815054987 035 $ab1038893x-39ule_inst 035 $aEXGIL106813$9ExL 040 $aDip.to Filol. Ling. e Lett.$bita 082 0 $a177.1 100 1 $aAxia, Giovanna$0242213 245 10$aElogio della cortesia :$bl'attenzione per gli altri come forma di intelligenza /$cGiovanna Axia 260 $aBologna :$bIl Mulino,$c[c1966] 300 $a133 p. ;$c21 cm. 490 0 $aIntersezioni ;$v164 650 4$aCortesia 907 $a.b1038893x$b21-02-17$c27-06-02 912 $a991002604939707536 945 $aLE008 FL.M. SCL B 34$g1$i2008000453602$lle008$o-$pE0.00$q-$rl$s- $t0$u2$v0$w2$x0$y.i10453982$z27-06-02 996 $aElogio della cortesia$9219970 997 $aUNISALENTO 998 $ale008$b01-01-97$cm$da $e-$fita$git $h0$i1 LEADER 02649nam 2200553Ia 450 001 9910790512603321 005 20230803022051.0 010 $a1-61374-890-6 035 $a(CKB)2550000001132686 035 $a(EBL)1333111 035 $a(OCoLC)855504105 035 $a(MiAaPQ)EBC1333111 035 $a(Au-PeEL)EBL1333111 035 $a(CaPaEBR)ebr10738526 035 $a(EXLCZ)992550000001132686 100 $a20120515d2013 uy 0 101 0 $aeng 135 $aur|n|---||||| 200 10$aBlasphemy$b[electronic resource] $ea memoir : sentenced to death over a cup of water /$fAsia Bibi ; with Anne-Isabelle Tollet 205 $aFirst US 210 $aChicago, Ill. $cChicago Review Press$d2013 215 $a1 online resource (162 p.) 300 $aDescription based upon print version of record. 311 $a1-61374-889-2 311 $a1-306-01144-2 327 $aFront Cover ; Title Page ; Copyright ; Contents ; Preface ; Foreword ; 1 - A Black Hole ; 2 - Blasphemy ; 3 - I Can No Longer See the Stars ; 4 - Death by Hanging ; 5 - The Christian Minister ; 6 - Happy Christmas ; 7 - The Pope's Message ; 8 - They Kill the Governor ; 9 - They Kill the Minister ; Afterword; Back Cover 330 $a
In June 2009 a Pakistani mother of five, Asia Bibi, was out picking fruit in the fields. At midday she went to the nearest well, picked up a cup, and took a drink of cool water, and then offered it to another woman. Suddenly, one of her fellow workers cried out that the water belonged to Muslim women and that Bibi-who is Christian-had contaminated it. "Blasphemy!" someone shouted, a crime punishable by death in Pakistan. In that instant, with one word, Bibi's fate was sealed. First attacked by a m 606 $aReligious discrimination$zPakistan$xHistory$y21st century 606 $aChristian women$zPakistan$vBiography 606 $aChristian biography$zPakistan 606 $aWomen death row inmates$zPakistan$vBiography 606 $aDeath row inmates$zPakistan$vBiography 606 $aBlasphemy (Islam) 615 0$aReligious discrimination$xHistory 615 0$aChristian women 615 0$aChristian biography 615 0$aWomen death row inmates 615 0$aDeath row inmates 615 0$aBlasphemy (Islam) 676 $a200 700 $aBibi$b Asia$01488257 701 $aTollet$b Anne-Isabelle$01488258 801 0$bMiAaPQ 801 1$bMiAaPQ 801 2$bMiAaPQ 906 $aBOOK 912 $a9910790512603321 996 $aBlasphemy$93708512 997 $aUNINA